| 000 | 01135cam a2200313 i 4500 | ||
|---|---|---|---|
| 001 | 64745 | ||
| 003 | Mx-PuUPA | ||
| 005 | 20231213123230.0 | ||
| 008 | 160225s2020 mx ad gr 000 0 spa d | ||
| 020 | _a9786077479239 | ||
| 040 |
_aMx-PuUPA _cMx-PuUPA _bspa _erda _dMx-PuUPA |
||
| 041 | 0 | _aspa | |
| 100 | 1 |
_913296 _aMuniain, Jorge, _eautor |
|
| 245 | 1 | 0 |
_aReclutamiento inteligente : _blas mejores prácticas del mundo para buscar y seleccionar talento / _cJorge Munianin |
| 250 |
_aPrimera edición en Booket/ _boctubre |
||
| 264 | 1 |
_aCiudad de México : _bEdiciones Culturales Paidós, _c©2020 |
|
| 300 |
_a146 páginas : _bilustraciones, graficas, tablas ; _c19 cm |
||
| 336 |
_atexto _btxt _2rdacontent |
||
| 337 |
_2rdamedia _asin medio _bn |
||
| 338 |
_2rdacarrier _avolumen _bnc |
||
| 490 | 0 | _aEmpresa y talento | |
| 545 | 1 | _aReimpresión: (Primera, octubre, 2020) | |
| 650 | 7 |
_2armarc _aSelección de personal |
|
| 650 | 7 |
_2armarc _aEntrevistas para empleo |
|
| 650 | 7 |
_2armarc _aEmpleados _xPrueba de capacidad |
|
| 942 |
_2ddc _cLI _h658.311 _iM963 |
||
| 999 |
_c64745 _d64745 |
||